[Event "Xtracon Chess Open 2018"]
[Site "Elsinore"]
[Date "2018.07.25"]
[Round "6"]
[White "Klings, Peter"]
[Black "Berg, Klaus"]
[Result "1/2-1/2"]
[WhiteElo "2102"]
[BlackElo "2322"]
[EventDate "2018.07.21"]
[WhiteFideId "4631234"]
[BlackFideId "1400053"]

1.Nf3 d5 2.e3 Nf6 3.c4 dxc4 4.Bxc4 e6 5.O-O c5 6.Qe2 a6 7.a4 Nc6 8.Rd1 Qc7
9.d4 Bd6 10.Nc3 O-O 11.h3 Re8 12.Bd2 b6 13.Rac1 cxd4 14.exd4 Bb7 15.Bg5 
Bf4 16.Bxf4 Qxf4 17.Qe3 Qd6 18.d5 exd5 19.Qxb6 Qb4 20.Qxb4 Nxb4 21.Bb3 
Rac8 22.Nd4 g6 23.Nc2 Nxc2 24.Rxc2 Rc5 25.Rcd2 Bc6 26.Rd4 Rb8 27.Bxd5 Rxb2
28.Bxc6 Rxc6 29.R1d3 Kg7 1/2-1/2

[Event "Xtracon Chess Open 2018"]
[Site "Elsinore"]
[Date "2018.07.25"]
[Round "6"]
[White "Besq, Alexander Le"]
[Black "Dishman, Stephen"]
[Result "0-1"]
[WhiteElo "2097"]
[BlackElo "2320"]
[EventDate "2018.07.21"]
[WhiteFideId "1437089"]
[BlackFideId "403024"]

1.e4 c6 2.d4 d5 3.Nd2 dxe4 4.Nxe4 Bf5 5.Ng3 Bg6 6.h4 h6 7.Nf3 Nd7 8.h5 Bh7
9.Bd3 Bxd3 10.Qxd3 e6 11.Bd2 Ngf6 12.O-O-O Be7 13.Ne4 Nxe4 14.Qxe4 Nf6 15.
Qd3 c5 16.Kb1 cxd4 17.Nxd4 a6 18.Bc3 Qc7 19.Nxe6 fxe6 20.Qg6+ Kf8 21.Rd3 
Rd8 22.Re3 Rd5 23.Rhe1 Qd7 24.Rd3 Rxd3 25.cxd3 Rg8 26.g4 Qd5 27.f4 Qf3 28.
Kc2 Qf2+ 29.Kb3 Qxf4 30.Rxe6 Qxg4 31.Qxg4 Nxg4 32.Rb6 Nf6 33.d4 Kf7 34.
Rxb7 Nd5 35.Ra7 Rb8+ 36.Kc4 Nb6+ 37.Kd3 Ra8 38.Rb7 Nd5 39.Kc4 Ke6 40.a4 
Rc8+ 41.Kd3 Rc6 42.a5 Kf5 43.Bd2 Rc7 44.Rb8 Nf4+ 45.Bxf4 Kxf4 46.Rb6 Bf6 
47.Rxa6 Rd7 48.Rxf6+ gxf6 49.b4 Ra7 50.Kc4 Ke4 51.Kc5 f5 52.Kb6 Rf7 0-1

[Event "Xtracon Chess Open 2018"]
[Site "Elsinore"]
[Date "2018.07.25"]
[Round "6"]
[White "Jorgensen, Brian"]
[Black "Jensen, Tobias Ilsoe"]
[Result "1/2-1/2"]
[WhiteElo "2281"]
[BlackElo "2102"]
[EventDate "2018.07.21"]
[WhiteFideId "1401599"]
[BlackFideId "1437127"]

1.d4 Nf6 2.c4 e6 3.g3 d5 4.Nf3 Bb4+ 5.Bd2 Be7 6.Bg2 c6 7.Qc2 Nbd7 8.O-O 
O-O 9.Bf4 b6 10.Nbd2 Nh5 11.Be3 Nhf6 12.Ne5 Nxe5 13.dxe5 Nd7 14.Bd4 Bb7 
15.b3 Rc8 16.Rad1 f6 17.exf6 Bxf6 18.e3 Qe7 19.Bxf6 Rxf6 20.e4 d4 21.f4 e5
22.f5 b5 23.Rf2 bxc4 24.Nxc4 Ba6 25.Bf1 Bxc4 26.Bxc4+ Kh8 27.g4 Rh6 28.Be6
Rc7 29.Bxd7 Rxd7 30.Qd2 c5 31.Rdf1 Qh4 32.Rg2 Rc6 33.Rg3 h6 34.Rc1 Rdc7 
35.Rc4 Kg8 1/2-1/2

[Event "Xtracon Chess Open 2018"]
[Site "Elsinore"]
[Date "2018.07.25"]
[Round "6"]
[White "Jensen, Thore Nyboe"]
[Black "Baum, Bernd"]
[Result "1/2-1/2"]
[WhiteElo "2072"]
[BlackElo "2280"]
[EventDate "2018.07.21"]
[WhiteFideId "1405349"]
[BlackFideId "4611853"]

1.d4 d5 2.c4 e6 3.Nf3 c6 4.Nc3 Nf6 5.Bg5 Nbd7 6.cxd5 exd5 7.e3 Be7 8.Bd3 
O-O 9.O-O Re8 10.Rc1 Nf8 11.Ne5 N6d7 12.Bf4 Bf6 13.Nxd7 Bxd7 14.b4 Ne6 15.
Bg3 Ng5 16.b5 Ne4 17.bxc6 Nxc3 18.Rxc3 Bxc6 19.Qb3 Qd7 20.h3 h5 21.Qc2 Qe7
22.Rc5 a6 23.Rb1 Qd8 24.Rc3 Kh8 25.Be2 g6 26.Bf3 Qd7 27.Be2 Re6 28.Kf1 
Rae8 29.Bd3 Kg7 30.Rc1 Qe7 31.Qb1 Rc8 32.Qc2 Qe8 33.Qb1 Be7 34.Qb3 Bd8 35.
Qa3 Qd7 36.Qb4 Be7 37.Qb2 Qe8 38.a3 Qf8 39.Qb3 Bf6 40.Qb1 Qe8 41.Qb2 
1/2-1/2

[Event "Xtracon Chess Open 2018"]
[Site "Elsinore"]
[Date "2018.07.25"]
[Round "6"]
[White "O`Gorman, Tom"]
[Black "Nielsen, Klaus"]
[Result "1-0"]
[WhiteElo "2280"]
[BlackElo "2057"]
[EventDate "2018.07.21"]
[WhiteFideId "2508249"]
[BlackFideId "1410210"]

1.e4 d5 2.exd5 Qxd5 3.Nf3 Nf6 4.d4 Bg4 5.Be2 c6 6.O-O e6 7.c4 Qd8 8.Nc3 
Bd6 9.h3 Bf5 10.Nh4 Bg6 11.Bg5 Be7 12.Re1 O-O 13.Bf3 Qa5 14.Nxg6 hxg6 15.
Qd2 Qc7 16.Rad1 Rd8 17.Qe2 Nbd7 18.d5 Nf8 19.dxc6 bxc6 20.Qc2 Rxd1 21.Rxd1
Rb8 22.Rd2 N8d7 23.Qd1 Nb6 24.Qe2 Rc8 25.b3 Nbd7 26.Rd1 Ne5 27.Bxf6 gxf6 
28.Be4 f5 29.Bc2 Bf6 30.Qe3 Kg7 31.Na4 Nd7 32.Qd2 Rd8 33.Qd6 Qc8 34.Qb4 c5
35.Qa5 Bd4 36.Nc3 a6 37.Ne2 Nf6 38.Nxd4 Rxd4 39.Rxd4 cxd4 40.Qe5 Qd8 41.
Bd3 Kg8 42.c5 Ne4 43.c6 Qb6 44.c7 Qc6 45.Bc4 d3 46.Bxd3 f6 47.Qa5 Qc1+ 48.
Bf1 Qc2 49.Qb6 Kg7 50.Qa7 Kh6 51.Qe3+ g5 52.Bc4 Qd1+ 53.Bf1 Qc2 54.Qb6 g4 
55.hxg4 fxg4 56.Qe3+ Ng5 57.Qf4 f5 58.Qc4 1-0

[Event "Xtracon Chess Open 2018"]
[Site "Elsinore"]
[Date "2018.07.25"]
[Round "6"]
[White "Schultz-Pedersen, Jesper"]
[Black "Storme, Isak"]
[Result "1/2-1/2"]
[WhiteElo "2057"]
[BlackElo "2277"]
[EventDate "2018.07.21"]
[WhiteFideId "1404482"]
[BlackFideId "1728113"]

1.e4 c5 2.b4 cxb4 3.a3 d5 4.exd5 Qxd5 5.Nf3 Nc6 6.axb4 e5 7.Nc3 Qd8 8.b5 
Nd4 9.Be2 Bf5 10.O-O Bxc2 11.Qe1 Nf6 12.Nxe5 Be7 13.Bc4 O-O 14.Ne2 Bc5 15.
Ra2 Bf5 16.d3 Qb6 17.Nxd4 Bxd4 18.Ba3 Bc5 19.Bxc5 Qxc5 20.Qe3 Qd6 21.Rfa1 
Rae8 22.d4 Ng4 23.Qg3 Nxe5 24.dxe5 Rxe5 25.Rxa7 Qd4 26.Qb3 Be6 27.R7a4 
Bxc4 28.Qxc4 Qxc4 29.Rxc4 Rxb5 30.Rc7 g5 31.g4 Rb8 32.Ra4 Rb6 33.f4 Rb2 
34.fxg5 Rd8 35.Rf4 Rd1+ 36.Rf1 Rxf1+ 37.Kxf1 Kg7 38.h4 Kg6 39.Rc8 Kg7 40.
h5 h6 41.gxh6+ Kxh6 42.Rc5 b5 43.Rf5 Kg7 44.h6+ Kxh6 45.Rxf7 b4 46.Rb7 b3 
47.Ke1 Kg5 48.Kd1 Kxg4 49.Kc1 Rc2+ 50.Kb1 Rc3 51.Kb2 Rd3 52.Rb4+ Kf3 53.
Rxb3 Rxb3+ 54.Kxb3 1/2-1/2

[Event "Xtracon Chess Open 2018"]
[Site "Elsinore"]
[Date "2018.07.25"]
[Round "6"]
[White "Christiansen, Jens Jorgen"]
[Black "Laubsch, Bernd"]
[Result "0-1"]
[WhiteElo "2086"]
[BlackElo "2269"]
[EventDate "2018.07.21"]
[WhiteFideId "1401670"]
[BlackFideId "4663314"]

1.d4 d5 2.c4 c6 3.Nf3 Nf6 4.e3 e6 5.b3 Bd6 6.Bd3 Nbd7 7.Bb2 Qe7 8.Ne5 O-O 
9.Nd2 Rd8 10.O-O Nf8 11.Qe2 Ne8 12.f4 f6 13.Nef3 f5 14.Ne5 Nf6 15.Rac1 Bd7
16.c5 Bc7 17.Qf2 Ne4 18.Nxe4 fxe4 19.Be2 Be8 20.Bc3 Ng6 21.b4 b5 22.cxb6 
axb6 23.Bd1 Ra3 24.Bb3 b5 25.Be1 Ra6 26.Nxg6 Bxg6 27.Qh4 Bd6 28.Qxe7 Bxe7 
29.h3 Be8 30.g4 Bd7 31.Kg2 Rf8 32.Bd2 h6 33.Rc2 Kf7 34.Be1 Kg6 35.h4 Kh7 
36.g5 Be8 37.Bd2 Kg6 38.Rfc1 Kf5 39.Kg3 Rh8 40.Be1 Bd6 41.Rh2 Bh5 42.Rhc2 
Rc8 43.Bc3 Bf3 44.Be1 Bb8 45.a4 bxa4 46.Ra2 hxg5 47.hxg5 Rh8 48.Rxa4 Rb6 
49.Bd2 Rh5 50.Rg1 Rxg5+ 51.Kf2 Rxg1 52.Kxg1 Bd6 53.Kf2 Rb8 54.Bc3 g5 55.
fxg5 Rh8 56.Ke1 Rh2 0-1

[Event "Xtracon Chess Open 2018"]
[Site "Elsinore"]
[Date "2018.07.25"]
[Round "6"]
[White "Bach, Matthias"]
[Black "Skjoldager, Mikael"]
[Result "1/2-1/2"]
[WhiteElo "2267"]
[BlackElo "2057"]
[EventDate "2018.07.21"]
[WhiteFideId "4603168"]
[BlackFideId "1434314"]

1.d4 Nf6 2.c4 g6 3.Nc3 d5 4.cxd5 Nxd5 5.g3 Nxc3 6.bxc3 Bg7 7.Bg2 c5 8.e3 
Nc6 9.Ne2 O-O 10.O-O cxd4 11.cxd4 Be6 12.Rb1 Bd5 13.Bxd5 Qxd5 14.Qb3 Qxb3 
15.Rxb3 Na5 16.Rc3 Rfc8 17.Ba3 Rxc3 18.Nxc3 e6 19.Ne4 Rc8 20.Bb4 Nc4 21.
Rc1 Nd6 22.Rxc8+ Nxc8 23.Kf1 h5 24.Ke2 Bf8 25.a3 Bxb4 26.axb4 Kf8 27.Kd3 
Ke7 28.Nc5 b6 29.Nb3 a6 30.Nd2 Kd7 31.Nc4 Kc7 32.e4 Nd6 33.h4 Nxc4 34.Kxc4
f5 35.f3 fxe4 36.fxe4 Kd6 37.b5 a5 38.Kb3 Ke7 39.Ka3 1/2-1/2

[Event "Xtracon Chess Open 2018"]
[Site "Elsinore"]
[Date "2018.07.25"]
[Round "6"]
[White "Skaarup, Kasper"]
[Black "Svane, Frederik"]
[Result "0-1"]
[WhiteElo "2037"]
[BlackElo "2266"]
[EventDate "2018.07.21"]
[WhiteFideId "1446045"]
[BlackFideId "12923044"]

1.d4 Nf6 2.Bg5 e6 3.e4 h6 4.Bxf6 Qxf6 5.c3 d6 6.Nd2 g6 7.Bd3 Bg7 8.Ne2 O-O
9.O-O Qe7 10.f4 e5 11.Nf3 Nd7 12.Qc2 b6 13.Rae1 Bb7 14.fxe5 dxe5 15.d5 Nc5
16.Ng3 Rad8 17.Bc4 Bc8 18.b4 Nb7 19.Nd2 h5 20.Bd3 h4 21.Ne2 Qg5 22.c4 f5 
23.Nc3 f4 24.Nb5 Qe7 25.Nxa7 Qxb4 26.Nb3 Bd7 27.Qf2 Ra8 28.Nb5 Bxb5 29.
cxb5 Qe7 30.Rc1 Nd6 31.Rc6 Ra7 32.Rfc1 Kh7 33.R1c2 Nf7 34.Nd2 h3 35.gxh3 
Ng5 36.Bf1 Bf6 37.h4 Nf7 38.Nf3 Nd6 39.Bd3 Rc8 40.Kf1 Ra3 41.Ke2 Ra4 42.
Ng5+ Bxg5 43.hxg5 Qxg5 44.Rxd6 cxd6 45.Rxc8 Qg4+ 46.Kd2 Qxc8 47.Qh4+ Kg8 
48.Qf6 Rxa2+ 49.Kd1 0-1

[Event "Xtracon Chess Open 2018"]
[Site "Elsinore"]
[Date "2018.07.25"]
[Round "6"]
[White "Solberg, Joachim"]
[Black "Gonzalez, Francisco Silva"]
[Result "0-1"]
[WhiteElo "2263"]
[BlackElo "2045"]
[EventDate "2018.07.21"]
[WhiteFideId "1502930"]
[BlackFideId "1512285"]

1.e4 e5 2.Nf3 Nc6 3.d4 exd4 4.Nxd4 Bc5 5.Nb3 Bb6 6.Nc3 Nge7 7.Qe2 d6 8.Be3
O-O 9.O-O-O f5 10.g3 Kh8 11.Bg2 Be6 12.Bxb6 axb6 13.Rhe1 f4 14.gxf4 Rxf4 
15.Qe3 Qf8 16.f3 Rh4 17.Rh1 Nb4 18.a3 Nbc6 19.Ne2 Ne5 20.f4 Nc4 21.Qc3 Nc6
22.f5 Bg8 23.Nbd4 N6e5 24.Nf3 Rxe4 25.Nxe5 Rxe5 26.Ng3 b5 27.Rhe1 Rxe1 28.
Rxe1 d5 29.Nh5 b4 30.Qd4 c5 31.Qg4 bxa3 32.bxa3 Rxa3 33.Kb1 Re3 34.Rg1 Qe7
35.Qxg7+ Qxg7 36.Nxg7 Nd2+ 37.Kc1 Nf3 38.Bxf3 Rxf3 39.Ne6 b6 40.Rg5 d4 41.
Rh5 Bxe6 0-1

[Event "Xtracon Chess Open 2018"]
[Site "Elsinore"]
[Date "2018.07.25"]
[Round "6"]
[White "Fransson, Angelina"]
[Black "Ramsdal, Jens Albert"]
[Result "0-1"]
[WhiteElo "2035"]
[BlackElo "2259"]
[EventDate "2018.07.21"]
[WhiteFideId "1712632"]
[BlackFideId "1429221"]

1.e4 c5 2.Nf3 e6 3.d3 Nc6 4.g3 g6 5.h4 h6 6.Bg2 Bg7 7.c3 e5 8.O-O d6 9.Nh2
Nf6 10.Be3 Qb6 11.Qd2 Be6 12.Na3 O-O-O 13.Nc2 d5 14.b4 d4 15.bxc5 dxe3 16.
Qxe3 Qb2 17.Nb4 Qxc3 18.Nxc6 bxc6 19.Rfd1 Ng4 20.Nxg4 Bxg4 21.f3 Be6 22.
Bf1 Qd4 23.Qxd4 Rxd4 24.Rdb1 Kc7 25.a3 Rb8 26.Rb4 a5 27.Rxb8 Kxb8 28.Rc1 
Bf8 29.Kf2 Ra4 30.Rc3 Rxa3 0-1

[Event "Xtracon Chess Open 2018"]
[Site "Elsinore"]
[Date "2018.07.25"]
[Round "6"]
[White "Koellner, Ruben Gideon"]
[Black "Acikel, Mert"]
[Result "1/2-1/2"]
[WhiteElo "2254"]
[BlackElo "2040"]
[EventDate "2018.07.21"]
[WhiteFideId "12993093"]
[BlackFideId "12956465"]

1.d4 d5 2.c4 e6 3.Nc3 Nf6 4.cxd5 exd5 5.Bg5 Be7 6.e3 c6 7.Bd3 Nbd7 8.h3 
O-O 9.Qc2 Re8 10.Nf3 Nf8 11.Bf4 Ng6 12.Bh2 Bd6 13.Bxd6 Qxd6 14.O-O-O b5 
15.g4 Re7 16.g5 Ne8 17.Rdg1 Rc7 18.h4 Nf8 19.Kb1 a6 20.h5 g6 21.hxg6 fxg6 
22.Rh6 c5 23.dxc5 Rxc5 24.Qb3 Be6 25.Nd4 Bf7 26.f4 Qe7 27.Rg3 Nd6 28.Rgh3 
Nc4 29.Bxc4 dxc4 30.Qc2 Re8 31.Qh2 Bd5 32.f5 Be4+ 33.Nxe4 Qxe4+ 34.Kc1 Qe5
35.Qf2 Rc7 36.Qc2 Qe4 37.Qh2 Qe5 38.Qc2 Qe4 39.R6h4 Qxc2+ 40.Kxc2 Re5 41.
e4 Rd7 42.Nf3 Rc5 43.Rf4 b4 44.Nh2 b3+ 45.axb3 cxb3+ 46.Kxb3 Rb7+ 47.Ka2 
Rc2 48.Ng4 Rcxb2+ 49.Ka3 R2b5 50.Ka2 Rb2+ 51.Ka3 R2b5 52.Ka2 Rb2+ 1/2-1/2

[Event "Xtracon Chess Open 2018"]
[Site "Elsinore"]
[Date "2018.07.25"]
[Round "6"]
[White "Svendsen, Mads O."]
[Black "Hoeffer, David"]
[Result "0-1"]
[WhiteElo "2030"]
[BlackElo "2252"]
[EventDate "2018.07.21"]
[WhiteFideId "1411780"]
[BlackFideId "24606766"]

1.e4 e5 2.Nf3 d6 3.d4 exd4 4.Nxd4 Nf6 5.Nc3 Be7 6.Be2 O-O 7.O-O Re8 8.f4 
Bf8 9.Bf3 c5 10.Nb3 Nc6 11.Re1 c4 12.Nd4 d5 13.e5 Ng4 14.Bxg4 Bxg4 15.Qxg4
Nxd4 16.Qd1 Nf5 17.Qxd5 Qb6+ 18.Kf1 Rad8 19.Qxc4 Qh6 20.Be3 Qxh2 21.Bg1 
Qh1 22.Ne4 Rd4 23.Qb3 Rxe4 24.Rxe4 Bc5 25.Ke2 Qxg2+ 26.Kd3 Rd8+ 0-1

[Event "Xtracon Chess Open 2018"]
[Site "Elsinore"]
[Date "2018.07.25"]
[Round "6"]
[White "Schmidt, Kristen"]
[Black "Alquist, Erik"]
[Result "1-0"]
[WhiteElo "2247"]
[BlackElo "2035"]
[EventDate "2018.07.21"]
[WhiteFideId "1400436"]
[BlackFideId "1707701"]

1.e4 c5 2.Nf3 e6 3.c3 Nf6 4.e5 Nd5 5.d4 cxd4 6.cxd4 d6 7.Bc4 Be7 8.Qe2 O-O
9.O-O b6 10.Nc3 Nxc3 11.bxc3 Bb7 12.Bf4 Qc7 13.Bd3 Nd7 14.Rac1 Bxf3 15.
Qxf3 dxe5 16.dxe5 Rfd8 17.Rfe1 Rac8 18.h4 Qc6 19.Be4 Qc4 20.h5 Nc5 21.Bb1 
Rd7 22.Re3 Rcd8 23.Rf1 Nd3 24.Re4 Qb5 25.c4 Qb2 26.Re2 Qd4 27.Re4 Qb2 28.
Re2 Qd4 29.Re4 Qc5 30.Be3 Qa5 31.Qg3 Kh8 32.h6 g6 33.Bg5 Qc5 34.Re3 Nb4 
35.a3 Nc6 36.Be4 Nd4 37.Kh2 Bxg5 38.Qxg5 Qe7 39.Qxe7 Rxe7 40.Rd1 Red7 41.
Red3 Kg8 42.Kh3 f6 43.f4 1-0

[Event "Xtracon Chess Open 2018"]
[Site "Elsinore"]
[Date "2018.07.25"]
[Round "6"]
[White "Pakmor, Claus"]
[Black "Heimisson, Hilmir Freyr"]
[Result "0-1"]
[WhiteElo "2023"]
[BlackElo "2241"]
[EventDate "2018.07.21"]
[WhiteFideId "1431609"]
[BlackFideId "2309998"]

1.e4 c5 2.Nc3 Nc6 3.f4 g6 4.Nf3 Bg7 5.g3 a6 6.Bg2 b5 7.d3 d6 8.O-O e6 9.
Ne2 Nge7 10.c3 O-O 11.d4 cxd4 12.Nexd4 Qc7 13.Be3 Rd8 14.Qe2 d5 15.e5 Bd7 
16.Rfc1 Rdb8 17.Ne1 Bf8 18.Nd3 Na5 19.b3 Rc8 20.g4 Nec6 21.Bf2 Ba3 22.Rc2 
Nxd4 23.Bxd4 Nc6 24.Bc5 Bxc5+ 25.Nxc5 Nxe5 26.Nxe6 Bxe6 27.Qxe5 Qxe5 28.
fxe5 Rc5 29.a4 b4 30.Rac1 Rac8 31.c4 dxc4 32.Bb7 R8c7 33.Bxa6 c3 0-1

[Event "Xtracon Chess Open 2018"]
[Site "Elsinore"]
[Date "2018.07.25"]
[Round "6"]
[White "Schwarz, Frank"]
[Black "Christiansen, Arne"]
[Result "1/2-1/2"]
[WhiteElo "2234"]
[BlackElo "2032"]
[EventDate "2018.07.21"]
[WhiteFideId "4658035"]
[BlackFideId "1402013"]

1.c4 Nf6 2.g3 g6 3.Bg2 Bg7 4.Nc3 O-O 5.e3 c5 6.Nge2 Nc6 7.O-O d6 8.d3 Bd7 
9.h3 a6 10.a3 Rb8 11.Rb1 b5 12.cxb5 axb5 13.b4 cxb4 14.axb4 Qb6 15.Kh2 
Rfc8 16.e4 Qd8 17.Be3 e5 18.Qd2 Ne7 19.f4 Ne8 20.Rf2 f6 21.d4 Be6 22.fxe5 
dxe5 23.d5 Bf7 24.Bh6 Nd6 25.Bxg7 Kxg7 26.Rbf1 Ng8 27.h4 Rc4 28.Rb1 Rbc8 
29.Qe3 Qe7 30.Rb3 Be8 31.Bh3 Bd7 32.Bxd7 Qxd7 33.Qf3 Qe7 34.g4 Rf8 35.Ng3 
Nh6 36.Rg2 Rfc8 37.Nge2 Nhf7 38.Rf2 Nh6 39.Rg2 Nhf7 40.Rf2 1/2-1/2

[Event "Xtracon Chess Open 2018"]
[Site "Elsinore"]
[Date "2018.07.25"]
[Round "6"]
[White "Stern, Geoffrey"]
[Black "Haugli, Petter"]
[Result "0-1"]
[WhiteElo "2008"]
[BlackElo "2231"]
[EventDate "2018.07.21"]
[WhiteFideId "4002679"]
[BlackFideId "1500104"]

1.d4 Nf6 2.Nc3 d5 3.Bf4 e6 4.e3 a6 5.Bd3 c5 6.dxc5 Bxc5 7.Nf3 Nc6 8.Ne5 
Bd6 9.Nxc6 bxc6 10.Bxd6 Qxd6 11.O-O O-O 12.Qf3 e5 13.Bf5 Bb7 14.Rfd1 Qe7 
15.g3 c5 16.Qe2 Rfe8 17.Re1 g6 18.Bh3 d4 19.Na4 Bc6 20.Nb6 Bb5 21.Nc4 dxe3
22.fxe3 Rab8 23.b3 a5 24.Rad1 Rbd8 25.Bf1 Ne4 26.Qf3 Ng5 27.Qg2 e4 28.Be2 
Bxc4 29.bxc4 Qe5 30.h4 Ne6 31.h5 Ng5 32.Rf1 Qc3 33.Rd5 Qxe3+ 34.Kh2 Rxd5 
35.cxd5 c4 36.Qf2 Qc3 37.Qf4 Qxc2 38.Rf2 Nf3+ 39.Kh3 g5 40.Qf6 g4+ 41.Kg2 
e3 42.h6 Qg6 43.Qxg6+ hxg6 44.Rf1 Ne5 45.Rc1 Rd8 46.Rc3 Rxd5 47.Rxe3 Kh7 
48.Rc3 Rd2 49.Kf2 Rxa2 50.Ke3 Kxh6 51.Bd1 Kg5 52.Kd4 Rd2+ 0-1

[Event "Xtracon Chess Open 2018"]
[Site "Elsinore"]
[Date "2018.07.25"]
[Round "6"]
[White "Berg, Olaf"]
[Black "Kleimark, Anders"]
[Result "1-0"]
[WhiteElo "2226"]
[BlackElo "2024"]
[EventDate "2018.07.21"]
[WhiteFideId "7200420"]
[BlackFideId "1709968"]

1.e4 c6 2.c4 d5 3.Nc3 d4 4.Nce2 Na6 5.d3 e5 6.a3 Be7 7.Nf3 Bg4 8.Ng3 h5 9.
h3 Be6 10.Be2 h4 11.Nf1 f5 12.N1d2 fxe4 13.Nxe5 e3 14.Bh5+ g6 15.Bxg6+ Kf8
16.fxe3 Bd6 17.O-O+ Kg7 18.Bf5 Bxf5 19.Rxf5 Nh6 20.Qh5 Bxe5 21.Rg5+ Kf8 
22.Rxe5 Nf7 23.Qf3 dxe3 24.Rxe3 Nc5 25.Qf5 b6 26.Nf3 Qd7 27.Qxd7 Nxd7 28.
Bd2 Rd8 29.Rae1 a5 30.b4 axb4 31.axb4 c5 32.Rf1 Kg8 33.Re4 Nf6 34.Re6 Nd7 
35.Rg6+ Kh7 36.Rg4 Nde5 37.Nxe5 Nxe5 38.Rxh4+ Kg6 39.Rxh8 Rxh8 40.Bc3 Rh5 
41.Bxe5 Rxe5 42.bxc5 bxc5 43.Rf3 Kg5 44.Kh2 Re2 45.Kg3 Rd2 46.h4+ Kh5 47.
Rf5+ Kg6 48.Rd5 Kh6 49.Kf3 Kg6 50.g4 Kh6 51.Ke3 Rg2 52.Rh5+ Kg6 53.Rxc5 
Rg3+ 54.Kd2 Kf6 55.Rg5 Rh3 56.Rf5+ Ke6 57.h5 Rg3 58.Rf4 Ke5 59.Re4+ Kd6 
60.h6 Rh3 61.g5 Rh5 62.Rg4 Ke7 63.c5 Rh2+ 64.Kc3 Rh1 65.d4 Kf7 66.Kc4 Kg6 
67.c6 Kf5 68.Rg2 Kg6 69.Kd5 Rc1 70.Kd6 Rc3 71.d5 Rc1 72.c7 Rc4 73.Kd7 Rc5 
74.d6 Rc4 75.c8=Q 1-0

[Event "Xtracon Chess Open 2018"]
[Site "Elsinore"]
[Date "2018.07.25"]
[Round "6"]
[White "Ongut, Tamas Gunes"]
[Black "Larsen, Ulrik"]
[Result "1-0"]
[WhiteElo "2220"]
[BlackElo "2011"]
[EventDate "2018.07.21"]
[WhiteFideId "770280"]
[BlackFideId "1441167"]

1.e4 e5 2.Nf3 Nc6 3.Bc4 Nf6 4.d3 Be7 5.O-O d6 6.a4 O-O 7.Re1 Kh8 8.h3 Ng8 
9.Nc3 Be6 10.Nd5 Qd7 11.a5 a6 12.c3 f5 13.Nxc7 Qxc7 14.Bxe6 fxe4 15.dxe4 
Nxa5 16.Be3 Nc4 17.Bc1 Rae8 18.Qd3 Nb6 19.Be3 Bd8 20.Bb3 Nd7 21.Red1 Be7 
22.Ba4 Rc8 23.Bxd7 Qxd7 24.Nxe5 Qe6 25.Nf3 Rxf3 26.gxf3 Qxh3 27.Bf4 Rf8 
28.Bg3 Rf6 29.Qf1 Qh5 30.Qg2 Rxf3 31.Rd5 Qg4 32.Be5 1-0

[Event "Xtracon Chess Open 2018"]
[Site "Elsinore"]
[Date "2018.07.25"]
[Round "6"]
[White "Christensen, Thomas"]
[Black "Jensen, Michael Agermose"]
[Result "0-1"]
[WhiteElo "2218"]
[BlackElo "1999"]
[EventDate "2018.07.21"]
[WhiteFideId "1407635"]
[BlackFideId "1408216"]

1.Nc3 g6 2.e4 c5 3.g3 Bg7 4.Bg2 Nc6 5.Nh3 d6 6.O-O h5 7.d3 h4 8.g4 Bd7 9.
f4 Nf6 10.g5 Nh5 11.Be3 Qc8 12.Nf2 Nd4 13.Bxd4 Bxd4 14.Ne2 Bg4 15.Qd2 h3 
16.Bh1 Bxe2 17.Qxe2 Nxf4 18.Qf3 Rh4 19.Rfb1 Nh5 20.c3 Bxf2+ 21.Qxf2 Rg4+ 
22.Kf1 Rxg5 23.Ke2 Qe6 24.Kd2 Qf6 25.Qxf6 Nxf6 26.b4 Rb8 27.Bf3 e5 28.Ke2 
Nh5 29.a4 Nf4+ 30.Ke3 Ke7 31.a5 Ng2+ 32.Kf2 Nh4 33.bxc5 dxc5 34.Rg1 Rxg1 
35.Rxg1 Rd8 36.Be2 Ng2 37.Rb1 Rd7 38.Bg4 Rc7 39.Kg3 Nf4 40.Rd1 Rc6 41.Bxh3
Ne2+ 42.Kf3 Nxc3 43.Rc1 Nb5 44.Rb1 Nd4+ 45.Kg4 b5 46.axb6 axb6 47.Bf1 b5 
48.Ra1 Rb6 49.Kg5 b4 50.Bh3 b3 51.Ra7+ Kd6 52.Rd7+ Kc6 53.Rxf7 Kb5 54.Bd7+
Kb4 55.Be8 b2 56.Rf1 Kc3 57.Bxg6 b1=Q 58.Rxb1 Rxb1 59.h4 Nf3+ 0-1

[Event "Xtracon Chess Open 2018"]
[Site "Elsinore"]
[Date "2018.07.25"]
[Round "6"]
[White "Hartung-Nielsen, Jens"]
[Black "Schmied, Andreas"]
[Result "1-0"]
[WhiteElo "2207"]
[BlackElo "1997"]
[EventDate "2018.07.21"]
[WhiteFideId "1400690"]
[BlackFideId "4625897"]

1.c4 e6 2.g3 d5 3.Nf3 Nf6 4.b3 d4 5.Bg2 c5 6.O-O Nc6 7.e3 Be7 8.exd4 cxd4 
9.d3 O-O 10.Na3 Nd7 11.Nc2 e5 12.Re1 Re8 13.Rb1 a5 14.a3 f6 15.b4 axb4 16.
axb4 Bf8 17.c5 Ndb8 18.Nd2 Ne7 19.Nc4 Nd5 20.Bxd5+ Qxd5 21.Nb6 1-0

[Event "Xtracon Chess Open 2018"]
[Site "Elsinore"]
[Date "2018.07.25"]
[Round "6"]
[White "Rasmussen, Lars Garne"]
[Black "Moe, Mogens"]
[Result "1-0"]
[WhiteElo "1995"]
[BlackElo "2199"]
[EventDate "2018.07.21"]
[WhiteFideId "1406434"]
[BlackFideId "1400550"]

1.e4 c5 2.Nf3 e6 3.d4 cxd4 4.Nxd4 Nc6 5.Nc3 Qc7 6.Be3 a6 7.Qf3 b5 8.Nxc6 
Qxc6 9.Bd3 Bb7 10.O-O d6 11.a3 Nf6 12.Qe2 Qc7 13.Rad1 Be7 14.Bf4 e5 15.Bg5
O-O 16.Rfe1 Rac8 17.Rd2 h6 18.Bxf6 Bxf6 19.Nd1 Bg5 20.Ne3 f5 21.h4 Bxe3 
22.Qxe3 f4 23.Qf3 Qe7 24.Qh3 f3 25.g3 Rc7 26.Re3 Bc8 27.Qh1 Bg4 28.c3 Qe6 
29.Bc2 Qa2 30.Bd1 a5 31.Kh2 Rcf7 32.Qf1 Bd7 33.Qd3 Be6 34.Rxf3 Bc4 35.Qe3 
Rxf3 36.Bxf3 Rf6 37.Be2 Qb3 38.Bd1 Qa2 39.b3 Qxa3 40.bxc4 bxc4 41.Rd5 a4 
42.Qd2 Qa1 43.Rxd6 Rxd6 44.Qxd6 Qxc3 45.Bxa4 Qe1 46.Qd5+ Kh7 47.Kg2 c3 48.
Bb3 1-0

[Event "Xtracon Chess Open 2018"]
[Site "Elsinore"]
[Date "2018.07.25"]
[Round "6"]
[White "Quinn, David"]
[Black "Weber, Samuel"]
[Result "0-1"]
[WhiteElo "1987"]
[BlackElo "2197"]
[EventDate "2018.07.21"]
[WhiteFideId "2401452"]
[BlackFideId "12924008"]

1.d4 Nf6 2.c4 e6 3.Nc3 Bb4 4.e3 O-O 5.a3 Bxc3+ 6.bxc3 d6 7.Bd3 e5 8.Ne2 e4
9.Bb1 Be6 10.Ng3 Bxc4 11.Nxe4 Nxe4 12.Bxe4 d5 13.Bd3 Bxd3 14.Qxd3 Nd7 15.
O-O f5 16.c4 Nb6 17.cxd5 Qxd5 18.Bd2 c5 19.Bc3 c4 20.Qc2 Rae8 21.Rae1 Rf6 
22.Bb4 Rg6 23.f3 Rge6 24.e4 Qxd4+ 25.Kh1 fxe4 26.fxe4 h6 27.Rf4 Nd5 28.Rg4
Nxb4 29.axb4 Qd3 30.Qa2 Rxe4 0-1

[Event "Xtracon Chess Open 2018"]
[Site "Elsinore"]
[Date "2018.07.25"]
[Round "6"]
[White "Larsen, Jens Evald"]
[Black "Yilmaz, Kazim"]
[Result "1/2-1/2"]
[WhiteElo "1433"]
[BlackElo "1669"]
[EventDate "2018.07.21"]
[WhiteFideId "1409603"]
[BlackFideId "1514326"]

1.d4 d5 2.c4 c6 3.e3 Nf6 4.Nf3 g6 5.b3 Bg7 6.Bb2 O-O 7.Bd3 Bf5 8.Bxf5 gxf5
9.O-O e6 10.Nbd2 Ne4 11.Nxe4 fxe4 12.Nd2 f5 13.Qe2 Nd7 14.f3 Qh4 15.Qf2 
Qxf2+ 16.Rxf2 Nf6 17.Raf1 Bh6 18.Re2 exf3 19.Rxf3 Ne4 20.Nxe4 fxe4 21.Rg3+
Kh8 22.Bc1 Rf7 23.Rf2 Raf8 24.Rxf7 Rxf7 25.Rh3 Bg7 26.Rh5 Rf5 27.Rxf5 exf5
28.Kf2 Kg8 29.Ba3 Kf7 30.Bd6 Ke6 31.Bf4 b6 32.cxd5+ Kxd5 33.Kg3 c5 34.dxc5
bxc5 35.Kh4 Ke6 36.Kg5 a5 37.g4 fxg4 38.Kxg4 a4 39.Kh5 axb3 40.axb3 Kd5 
41.Kg5 c4 42.bxc4+ Kxc4 43.h4 Kd3 44.Kh5 Ke2 45.Kg5 Bc3 46.Kh6 Bd2 47.Kxh7
Bxe3 48.Be5 Kf3 49.h5 Bd2 50.h6 e3 51.Kg8 e2 52.h7 e1=Q 53.h8=Q Qg1+ 54.
Qg7 Qxg7+ 55.Bxg7 1/2-1/2

[Event "Xtracon Chess Open 2018"]
[Site "Elsinore"]
[Date "2018.07.25"]
[Round "6"]
[White "Hviid, Hans Henrik"]
[Black "Jacobsen, Per"]
[Result "0-1"]
[WhiteElo "1173"]
[BlackElo "1590"]
[EventDate "2018.07.21"]
[WhiteFideId "1425374"]
[BlackFideId "1413856"]

1.e4 Nf6 2.d3 d6 3.Nf3 g6 4.b3 Bg7 5.Bb2 Nbd7 6.g4 e5 7.h3 O-O 8.Bg2 b6 9.
Nc3 Bb7 10.d4 exd4 11.Nxd4 Re8 12.f3 Nd5 13.O-O Ne3 14.Qd3 Nxf1 15.Bxf1 
Ne5 16.Qe2 Nxg4 17.hxg4 Bxd4+ 18.Kh1 Qh4+ 19.Qh2 Qxh2+ 20.Kxh2 Rac8 21.Na4
Bxb2 22.Nxb2 d5 23.Bd3 dxe4 24.fxe4 Bxe4 25.Ba6 Rcd8 26.Na4 Bxc2 27.Nc3 
Re3 28.Nb5 Rd2+ 29.Kg1 Bd3 30.Nxc7 Rg3+ 31.Kh1 Be4# 0-1

[Event "Xtracon Chess Open 2018"]
[Site "Elsinore"]
[Date "2018.07.25"]
[Round "6"]
[White "Bengtsson, Jessica"]
[Black "Johannsson, Orn Leo"]
[Result "0-1"]
[WhiteElo "1985"]
[BlackElo "2196"]
[EventDate "2018.07.21"]
[WhiteFideId "1711083"]
[BlackFideId "2303051"]

1.e4 e6 2.d4 d5 3.exd5 Qxd5 4.Nc3 Qd8 5.Nf3 Nf6 6.Bc4 Nbd7 7.O-O Be7 8.Qe2
Nb6 9.Bd3 c6 10.Re1 Nbd5 11.Nxd5 cxd5 12.c3 O-O 13.Ne5 Ne8 14.Qh5 f5 15.
Qh3 Bf6 16.Bd2 Nd6 17.f3 Bd7 18.Bf4 Bb5 19.Bc2 Rc8 20.Rad1 Qb6 21.Qg3 Nc4 
22.a4 Nxe5 23.Bxe5 Bd7 24.Rb1 Rc4 25.f4 Bxe5 26.Rxe5 Rfc8 27.Re3 Qd6 28.
Rbe1 R4c7 29.Qg5 b6 30.Rg3 Qf8 31.Ree3 Re8 32.Bb3 Bc8 33.Qh5 Qf7 34.Qxf7+ 
Kxf7 35.Re5 Rd8 36.Rge3 a6 37.Kf2 b5 38.axb5 axb5 39.h3 b4 40.cxb4 Rb7 41.
Rc3 Rxb4 42.Ke3 Bd7 43.g4 g6 44.Bc2 Rxb2 45.Rc7 Kf8 46.Bd3 Rh2 47.Bf1 Ke7 
48.Kf3 Rd2 49.Ke3 Rd1 50.Bg2 Kd6 51.Rb7 Ra8 52.Rb6+ Kc7 53.Rb3 Ra2 54.Rc3+
Kd6 55.Bf3 Re1+ 0-1